| 000 | 01160cab a2200313 4500 | ||
|---|---|---|---|
| 001 | ABS47441 | ||
| 008 | 090401t1992 xxu||||| |||| 00| 0 eng d | ||
| 035 | _a(Sirsi) u61965 | ||
| 041 | _aeng | ||
| 100 | _aSams, G.S. | ||
| 245 | _aCompensation for compulsory purchase and planning : recent developments | ||
| 260 | _c1992 | ||
| 350 | _a0 | ||
| 490 |
_aJournal of Property Valuation and Investment _v11(1) Autumn 1992, 85-90(6) |
||
| 520 | _aConsiders recent case law concerned with compensation for compulsory purchase and planning following the introduction of the Planning and Compensation Act 1991. | ||
| 650 | _aBATCHELOR V KENT CC | ||
| 650 | _aCOUNTRY AND DISTRICT PROPERTIES LTD V HARROW LBC | ||
| 650 | _aDEANE V BROMLEY LBC | ||
| 650 | _aHILL V NOTTINGHAMSHIRE CC | ||
| 650 | _aINJURIOUS AFFECTION | ||
| 650 | _aOZANNE V HERTFORDSHIRE CC | ||
| 650 | _aPLANNING COMPENSATION | ||
| 650 | _aRANSOM STRIPS | ||
| 650 | _aRULE 3 | ||
| 650 | _aW WATERS & SONS V WELWYN HATFIELD DC | ||
| 690 | _aENVIRONMENTAL AND LAND CONSULTANCY-PLANNING AND DEVELOPMENT-COMPULSORY PURCHASE AND COMPENSATION | ||
| 942 | _n0 | ||
| 948 | _c04/03/1997 | ||
| 999 |
_c38451 _d38451 |
||